Oxford economic atlas of the world

Đã lưu trong:
Chi tiết về thư mục
Nhiều tác giả của công ty: Economist Intelligence Unit (Tác giả), Cartographic Department of the Clarendon Press (Tác giả)
Định dạng: Sách
Ngôn ngữ:Tiếng Anh
Được phát hành: Londres Oxford University Press 1965
Phiên bản:3a. ed
Những chủ đề:
Các nhãn: Thêm thẻ
Không có thẻ, Là người đầu tiên thẻ bản ghi này!

MARC

LEADER 00000nam a2200000 a 4500
001 UCR8021
003 CL-VaPUC
008 980519e19650000UK |||||||||||||||||eng|d
082 0 4 |a 330.91  |b ECO  |2 21 
110 2 |a Economist Intelligence Unit  |e author  |9 409643 
710 2 |a Cartographic Department of the Clarendon Press  |e author  |9 409644 
245 1 0 |a Oxford economic atlas of the world 
250 |a 3a. ed 
300 |a 286 p 
942 |c BK 
945 |d 19980519 00:00:00  |a crobeson 
260 |a Londres  |b Oxford University Press  |c 1965 
650 0 |a Geografía económica   |9 267757 
650 0 |a Economía   |9 255568 
650 0 |a Mapas  |9 260844 
583 |a last modification  |c 19980519 00:00:00  |k Rodrigo Vera 
999 |c 269590  |d 269588 
952 |0 0  |1 0  |4 0  |6 330_910000000000000_ECO_1965  |7 0  |8 F  |9 303370  |a BIBENE  |b BIBENE  |d 2019-11-20  |i 1400940  |o 330.91 ECO 1965  |p 1400940  |r 2025-01-15  |w 2019-11-20  |y BK_F  |k ICO